80's Songs by Lyrics #3 - Statistics

General Stats
  • This quiz has been taken 623 times
  • The average score is 6 of 15
Answer Stats
Lyrics Song % Correct
She's got a smile that it seems to me reminds me of childhood memories Sweet Child O' Mine
78%
She says, "We've gotta hold on to what we've got" Livin' On A Prayer
75%
I'm never gonna dance again, guilty feet have got no rhythm Careless Whisper
71%
She's just a girl who claims that I am the one Billie Jean
66%
Oh, can't you see. You belong to me? Every Breath You Take
46%
You can't start a fire without a spark Dancing In The Dark
44%
Don't go wasting your emotion Lay All Your Love on Me
42%
And she's dancing like she's never danced before Maniac
42%
Well, I guess it would be nice if I could touch your body Faith
31%
I never meant to cause you any sorrow. I never meant to cause you any pain Purple Rain
31%
As you walk on by will you call my name? Don't You (Forget About Me)
29%
I hit the sack. I've been too long, I'm glad to be back Back In Black
22%
I don't know what I'm to say, I'll say it anyway. Today is another day to find you Take on Me
21%
Headin' into twilight. Spreadin' out her wings tonight Danger Zone
10%
Just call my name 'cause I'll hear you scream Master of Puppets
8%
No matching quizzes found
Score Distribution
Percent of People with Each Score
Percentile by Number Answered
Your Score History
You have not taken this quiz